[Event "XIX OPEN INT. NAVALMORAL DE LA MATA - XI"]
[Site "Navalmoral de la Mata"]
[Date "2013.12.08"]
[Round "7.9"]
[White "Gavilan Diaz, Mario"]
[Black "Dias, Paulo"]
[Result "0-1"]
[WhiteElo "2255"]
[BlackElo "2397"]
[PlyCount "92"]
[EventDate "2013.12.05"]
[EventRounds "7"]
[EventCountry "ESP"]

1. e4 e5 2. Nf3 Nc6 3. Bb5 Nf6 4. O-O Nxe4 5. d4 Nd6 6. dxe5 Nxb5 7. a4 Nbd4 8.
Nxd4 Nxd4 9. Qxd4 d5 10. Nc3 c6 11. Qd3 Qd7 12. Ne2 Qf5 13. Qc3 a5 14. Nd4 Qg6
15. f4 Bb4 16. Qd3 Qxd3 17. cxd3 O-O 18. Be3 c5 19. Nb3 d4 20. Bd2 b6 21. Be1
f6 22. Nd2 Bf5 23. Rf3 fxe5 24. fxe5 Bg6 25. Rg3 Bxd2 26. Bxd2 Rae8 27. Re1 Re6
28. Bg5 h6 29. Bh4 Kh7 30. Rf1 Rxf1+ 31. Kxf1 Rxe5 32. Bd8 Re6 33. Rf3 Bh5 34.
Rh3 Bd1 35. Bc7 Bxa4 36. Rf3 Bc2 37. Kf2 a4 38. h4 b5 39. Rf5 Rc6 40. Be5 Bxd3
41. Rf7 Kg6 42. Rxg7+ Kf5 43. Rc7 Rxc7 44. Bxc7 b4 45. Bd6 a3 46. bxa3 b3 0-1